Statystyki dla Mistrzowie świata Formuły 1 (konstruktorzy)

Kliknij tutaj aby rozwiązać quiz!

Ogólne statystyki

  • Ten quiz został rozwiązany 44 razy
    (24 od ostatniego zresetowania)
  • Średni wynik to 57 z 66

Statystyki odpowiedzi

RokZespół% Poprawnych
1999Ferrari
100%
1975Ferrari
100%
2000Ferrari
100%
2001Ferrari
100%
2002Ferrari
100%
2003Ferrari
100%
2004Ferrari
100%
1983Ferrari
100%
1982Ferrari
100%
2007Ferrari
100%
2008Ferrari
100%
1979Ferrari
100%
1977Ferrari
100%
1976Ferrari
100%
1964Ferrari
100%
1961Ferrari
100%
1991McLaren
100%
1984McLaren
100%
1974McLaren
100%
1998McLaren
100%
1990McLaren
100%
1989McLaren
100%
1988McLaren
100%
1985McLaren
100%
2021Mercedes
100%
2020Mercedes
100%
2019Mercedes
100%
2018Mercedes
100%
2017Mercedes
100%
2016Mercedes
100%
2015Mercedes
100%
2014Mercedes
100%
2011Red Bull
100%
2010Red Bull
100%
2013Red Bull
100%
2022Red Bull
100%
2012Red Bull
100%
2023Red Bull
100%
2009Brawn
89%
2005Renault
83%
2006Renault
83%
1986Williams
83%
1997Williams
83%
1980Williams
83%
1981Williams
83%
1996Williams
83%
1987Williams
83%
1992Williams
83%
1993Williams
83%
1994Williams
83%
1995Benetton
72%
1966Brabham
67%
1967Brabham
67%
1968Lotus
67%
1963Lotus
67%
1965Lotus
67%
1978Lotus
67%
1970Lotus
67%
1972Lotus
67%
1973Lotus
67%
1959Cooper
39%
1960Cooper
39%
1971Tyrrell
39%
1962BRM
33%
1969Matra
33%
1958Vanwall
22%

Rozkład punktacji

Percentyl według liczby udzielonych odpowiedzi

Procent ludzi z każdym wynikiem

Twoja historia wyników

Nie rozwiązałeś tego quizu od ostatniego zresetowania